000 00554nam a2200169Ia 4500
008 100917s9999 xx 000 0 und d
082 _b21215
100 _aबोरसे दा. गो.
245 _aखानदेश वाग्वैभव भा 1
260 _b---
_c1953
365 _b1.5
520 _aभाषाशास्त्र
630 _aखानदेश वाग्वैभव भा 1
650 _aभाषाशास्त्र
730 _aखानदेश वाग्वैभव भा 1
942 _cBOOK
999 _c626609
_d626606